Number Logic Challenge Quiz Stats

Quiz Updated Oct 8, 2015

Challenge
Share
Tweet
Score 0/25 Timer 20:00
1 Play Today
Clue Number % Correct
A1






???
100%
C3






???
47.2%
A5






???
44.2%
A4






???
39.9%
A2






???
37.2%
B2






???
36%
A3






???
33.4%
B3






???
30.3%
B1






???
29.4%
C2






???
29.3%
C1






???
28%
D1






???
17.2%
B5






???
14.9%
Clue Number % Correct
C4






???
14.7%
B4






???
13.5%
E1






???
12.9%
D2






???
12.5%
C5






???
12.1%
E2






???
9.9%
D5






???
9.6%
D3






???
8.8%
D4






???
8.6%
E5






???
7.2%
E4






???
6.6%
E3






???
6.5%

You're not logged in!

Compare scores with friends on all Sporcle quizzes.
Join for Free
OR
Log In

You Might Also Like...

Show Comments

Extras

Top Quizzes Today


Score Distribution

Your Account Isn't Verified!

In order to create a playlist on Sporcle, you need to verify the email address you used during registration. Go to your Sporcle Settings to finish the process.

Report this User

Report this user for behavior that violates our Community Guidelines.

Details: